000 00373nam a22001577a 4500
005 20251108172405.0
008 250721s1968 xx 000 0 eng d
082 1 4 _aF/COA
100 1 _aCoatsworth, Elizabeth
245 1 0 _aJon the unlucky /
264 1 _aBerlin :
_bRichard sadler,
_c1968.
300 _a95p.
650 1 7 _aFiction
942 _2ddc
_cBK
999 _c78067
_d78067